000 01130cam a2200373 i 4500
001 200468287
003 TR-AnTOB
005 20260424093742.0
007 ta
008 260424r19781977enk 000 1 eng
010 _a 91055303
020 _a0140048669
_q(paperback)
035 _a4381173
035 _a(TR-AnTOB)200468287
040 _aDLC
_beng
_erda
_cDLC
_dDLC
_dTR-AnTOB
041 0 _aeng
050 0 0 _aPS3505.H6428
_bF3 1978
090 _aPS3505.H6428
_bF3 1978
100 1 _aCheever, John
_eauthor
_4aut
_9153618
245 1 0 _aFalconer /
_cJohn Cheever.
264 1 _aHarmondsworth :
_bPenguni Books,
_c1978.
300 _a153 pages ;
_c18 cm
336 _atext
_btxt
_2rdacontent
337 _aunmediated
_bn
_2rdamedia
338 _avolume
_bnc
_2rdacarrier
650 0 _aDrug addicts
_vFiction
_9153904
650 0 _aCollege teachers
_vFiction
_9153905
650 0 _aMurderers
_vFiction
_95089
650 0 _aPrisoners
_vFiction
_988060
655 7 _aFiction
_2lcgft
_0https://id.loc.gov/authorities/genreForms/gf2014026339
_9151487
942 _2lcc
_cBK
999 _c200468287
_d86499